Best Teams at the FIFA World Cup A - Z - Statistics

General Stats
  • This quiz has been taken 1,508 times
    1,096 since last reset
  • The average score is 17 of 22
Answer Stats
Letter Stage Answer % Correct
A Winners Argentina
98%
B Winners Brazil
98%
F Winners France
97%
G Winners Germany
94%
E Winners England
91%
I Winners Italy
90%
U Winners Uruguay
89%
D Quarter Finals Denmark
88%
P Third Place Poland/Portugal
88%
C Runners up Croatia/Czechoslovakia
86%
S Winners Spain
86%
Q Group Stage Qatar
82%
N Runners up Netherlands
78%
R Quarter Finals Romania/Russia
78%
H Runners up Hungary
77%
J Round 2 Japan
77%
M 4th place Morocco
64%
T Third Place Turkey
63%
W Winners West Germany
58%
Y Fourth Place Yugoslavia
58%
Z Round 1 Zaire
41%
K Round 1 Kuwait
33%
No matching quizzes found
Score Distribution
Percent of People with Each Score
Percentile by Number Answered
Your Score History
You have not taken this quiz since the last reset